000 00931nas a2200277 4500
001 BR2017000827
003 BR-BrBNA
005 20231205130854.0
007 ta
008 230509b bl.|||p| |||| 00| 00por d
040 _aBR-BrBNA
_bpor
_cBiblioteca Nacional de Agricultura
041 _a(Pt)
072 _aK10
100 1 _aCosta, T.V.
100 1 _aVenzke, T.S.L.
245 1 _aRegeneração natural em mata de restinga em área de pecuária extensiva no município de Pelotas, extremo Sul do Brasil
650 _aMATA
650 _aRESTINGA
650 _aREGENERAÇÃO NATURAL
650 _aPECUÁRIA
650 _aPROTEÇÃO AMBIENTAL
773 0 _tPesquisa Florestal Brasileira (Brazil)
_xISSN 1983-2605
_g(Oct-Dec 2016), v. 36(88) p. 339-345
_wBR2017000827
856 4 0 _uhttp://pfb.cnpf.embrapa.br/pfb/index.php/pfb/article/view/922/524
909 _a202311
_bLúcia
_c55
_dLúcia Elande
942 _2AGRIS
_n0
_cANA
999 _c251771
_d251771